SECONDARY SCHIZOPHRENIA (Record no. 34326)

MARC details
000 -LEADER
fixed length control field 00399nam a22001697a 4500
003 - CONTROL NUMBER IDENTIFIER
control field SGT
020 ## - INTERNATIONAL STANDARD BOOK NUMBER
International Standard Book Number 9780521856973
082 ## - DEWEY DECIMAL CLASSIFICATION NUMBER
Classification number 616.89
Item number S10S
100 ## - MAIN ENTRY--PERSONAL NAME
Personal name SACHDEV, PERMINDER S.
245 ## - TITLE STATEMENT
Title SECONDARY SCHIZOPHRENIA
250 ## - EDITION STATEMENT
Edition statement 1ST
260 ## - PUBLICATION, DISTRIBUTION, ETC. (IMPRINT)
Place of publication, distribution, etc NEW YORK
Name of publisher, distributor, etc CAMBRIDGE UNIVERSITY PUB
Year of Publication 2010
300 ## - PAGE DESCRIPTION
No. of Pages 436
650 ## - SUBJECT ADDED ENTRY--TOPICAL TERM
Topical term or geographic name as entry element PSYCHIATRY
653 ## - KEYWORDS--INDEX TERM
Keyword term SECONDARY SCHIZOPHRENIA
942 ## - ADDED ENTRY ELEMENTS (KOHA)
Source of classification or shelving scheme Dewey Decimal Classification
Koha item type Books
Holdings
Withdrawn status Lost status Source of classification or shelving scheme Damaged status Not for loan Collection code Home library Current library Shelving location Date acquired Vendor Name SGTU Total Checkouts Full call number Accession No. (Barcode) Date last seen Bill Date Koha item type
    Dewey Decimal Classification   Not For Loan MEDICAL SGT Medical Library SGT Medical Library Reference Book 09/03/2026 COMP SGTU   616.89 S10S FM16312 09/03/2026 09/03/2026 Books